000 00831nam a2200265 c 4500
003 BLK
005 20220614155818.0
008 180411b bul|||||r ||||||| ||bul||
010 _aKNG00193333000
040 _aBLK
041 _aBUL
_cBUL
080 _aБългарска литература
_b821.163.2
_x-1
_z821.163.2-1
100 1 _aДинков, Иван
_eпърви автор
_9369707
139 _aДинков, Иван
_bД 62
245 1 0 _aМаски
_bСтихотворения
_cИван Динков.
257 _aBGR
260 София
_bБълг. писател
_c1989
300 _a47 с.
_c18 см
380 _aX
852 _aЦб I 24423
856 4 _qpdf
_u
856 4 _qpdf
_u
942 _cKNG
_n0
_01
944 _aCR
_c17.10.2016
_kТеодора_Стоянова
944 _aED
_c17.10.2016
_kТеодора_Стоянова
999 _c184380
_d184380